| 000 | 02469nam a2200457 c 4500 | ||
|---|---|---|---|
| 003 | BLK | ||
| 005 | 20250218102902.0 | ||
| 008 | 180408b bul|||||r ||||||| ||bul|| | ||
| 010 | _aKNG00069199000 | ||
| 020 |
_a954-733-481-6 _bиздат.: Прозорец |
||
| 040 | _aBLK | ||
| 041 |
_aBUL _cBUL |
||
| 080 |
_aОрганизации, асоциации, движения със специални цели и/или области на дейност. Професионални асоциации(Ку-клукс-клан, масони, окултни движения, орден на тамплиерите). _b061.23 _x(091)(02.062) _z061.23(091)(02.062) |
||
| 080 |
_aХристиянски монашески ордени. Манастири. Монаси. Отшелници _b27-788 _x _z27-788 |
||
| 080 |
_aРелигиозни гонения. Мъченици. Схизми. Ереси. Гностицизъм, агностицизъм, арианство, янсенизъм, исихазъм. Вж и 165.73; 211.5 _b272/273 _x _z272/273 |
||
| 700 | 1 |
_aОлсен, Одвар _eсъстав. _9104665 |
|
| 700 | 1 |
_aИлиев, Димитър _eпрев. _9364097 |
|
| 139 |
_aОлсен, Одвар _bО 51 |
||
| 245 | 1 | 0 |
_aЗагадките на тамплиерите _bМитове и истини по пътя към Свещения Граал _cсъстав. Одвар Олсен; прев. Димитър Илиев. |
| 257 | _aGBR | ||
| 260 |
_аСофия _bПрозорец _c2006 _fСофия : Инвестпрес |
||
| 300 |
_a263 с. _bс ил. _c20 см |
||
| 380 | _a0 | ||
| 490 | 1 | _aПоредица Хроника | |
| 500 | _aОриг. загл. The Templar Papers / Oddvar Olsen. - Офс. изд. - Библиогр. с. 257-263. | ||
| 650 | 4 |
_aТамплиери - Франция - история _9292246 |
|
| 650 | 4 |
_aТайни общества, религиозни _9266145 |
|
| 650 | 4 |
_aРелигиозни ордени - Западна Европа - история _9256729 |
|
| 651 | 0 |
_aЗападна Европа _9243454 |
|
| 653 | _aтамплиери | ||
| 653 | _aрелигиозни ордени | ||
| 653 | _aтайни общества | ||
| 653 | _aереси | ||
| 653 | _aистория | ||
| 852 | _aЦб 229918 | ||
| 856 | 4 |
_qpdf _u |
|
| 856 | 4 |
_qpdf _u |
|
| 942 |
_cKNG _n0 _06 |
||
| 944 |
_aCR _c07.11.2006 _lГеновева Генчева _k30560 |
||
| 944 |
_aED _c19.10.2012 _lф / _k |
||
| 999 |
_c64927 _d64927 |
||